000 01165cam a2200289 a 4500
999 _c506
_d506
001 5151724
003 OSt
005 20190819093837.0
008 110329s2011 xna d 000 f eng d
020 _a9781937007430
035 _a(OCoLC)711804405
040 _aANL
_beng
_dANL
_dNSL
_dNSL
_dANL
_cKH8
042 _aanuc
082 _aFIC WAL
100 1 _aWallenfels, Stephen.
_eauthor
245 1 0 _aPOD /
_cStephen Wallenfels.
260 _aNew York :
_bAce Books,
_c2012, ©2009.
300 _a292 pages ;
_c18 cm
500 _aPreviously published online in the USA.
520 _aWhen the cataclysm arrives, Megs, a 12-year-old streetwise girl, is trapped in a hotel parking garage in Los Angeles; and 16-year-old Josh is stuck in a house in Prosser, Washington, with his increasingly obsessive-compulsive father. Food and water and time are running out. Will Megs survive long enough to find her mother? Will Josh and his father survive each other?
521 _aFor young adults.
650 0 _aScience fiction.
650 0 _aHuman-alien encounters
_2Fiction.
650 0 _aSurvival
_2Fiction.
655 7 _aScience fiction.
_2gsafd
942 _2ddc
_cFIC